00503nam a2200157Ia 4500003000400000008004100004020001100045040000800056041000700064082002400071100002900095245008100124246002700205260009400232300001900326LDD190117s9999 xx 000 0 und d c₹350 cLDD ahi a8H3.7003 भा6442 aनगेन्द्र 0aभारतीय साहित्य कोशcनगेन्द्र a Bhartiya sahitya kosh aनई दिल्लीbनेशनल पब्लिशिंग हाउसc1981 a1437प्र.